Journal of chemical education software; special issue 19 = Flying over atoms
Đã lưu trong:
| 格式: | 图书 |
|---|---|
| 语言: | Undetermined |
| 出版: |
Madison, WI
Univ. of Wiscosin-Madison
1998
|
| 主题: | |
| 标签: |
添加标签
没有标签, 成为第一个标记此记录!
|
| Thư viện lưu trữ: | Trung tâm Học liệu Trường Đại học Cần Thơ |
|---|
| LEADER | 00504nam a2200169Ia 4500 | ||
|---|---|---|---|
| 001 | CTU_55046 | ||
| 008 | 210402s9999 xx 000 0 und d | ||
| 020 | |b 14350 | ||
| 082 | |a 541 | ||
| 082 | |b J86/sp19 | ||
| 245 | 0 | |a Journal of chemical education software; special issue 19 | |
| 245 | 0 | |b = Flying over atoms | |
| 260 | |a Madison, WI | ||
| 260 | |b Univ. of Wiscosin-Madison | ||
| 260 | |c 1998 | ||
| 650 | |a chemistry, physical and theoretical | ||
| 980 | |a Trung tâm Học liệu Trường Đại học Cần Thơ | ||